000 00324nam a2200145Ia 4500
100 _aPeters/james f
942 _cBK
654 _asoftware engineering
245 _aSoftware Engineeing:An Engineering approach
260 _bJohn Wiley
_c2004
082 _a5.1
_bPET
300 _a702
546 _aENGLISH
999 _c33249
_d33249